01550nam a2200325Ia 4500001001200000003000800012006001900020007001500039008004100054020001500095040002100110035002000131050002200151245022000173260005500393300005300448490001900501500011600520504005200636533015200688610002900840650004400869650002700913650002300940655002900963710001700992730005101009830003801060856012601098ebr10055023CaPaEBRm u cr cn|||||||||991102s1999 dcuabf sb 000 0 eng d z0309065844 aCaPaEBRcCaPaEBR a(OCoLC)4347574214aQE76b.S35 1999eb00aScience for decisionmakingh[electronic resource] :bcoastal and marine geology at the U.S. Geological Survey /cOcean Studies Board, Commission on Geosciences, Environment, and Resources, National Research Council. aWashington, D.C. :bNational Academy Press,c1999. ax, 121 p. :bill. (some col.), maps (some col.).1 aCompass series a"This report and the committee were supported by a grant from the United States Geological Survey"--T.p. verso. aIncludes bibliographical references (p. 72-74). aElectronic reproduction.bPalo Alto, Calif. :cebrary,d2009.nAvailable via World Wide Web.nAccess may be limited to ebrary affiliated libraries.20aGeological Survey (U.S.) 0aCoastal zone managementzUnited States. 0aCoastszUnited States. 0aSubmarine geology. 7aElectronic books.2local2 aebrary, Inc.0 aNational Academies Press (Online publications) 0aCompass series (Washington, D.C.)40uhttp://site.ebrary.com/lib/rucke/Doc?id=10055023zAn electronic book accessible through the World Wide Web; click to view